| 000 | 00592nam a22001817a 4500 | ||
|---|---|---|---|
| 005 | 20130905120108.0 | ||
| 010 | _aENG-107630 | ||
| 020 |
_a9789381588642 _c175.00 |
||
| 020 |
_a9381588643 _c175.00 |
||
| 035 | _aEN-91163 | ||
| 037 | _bDBAD/PUB | ||
| 245 |
_aConcise dictionary of science : _ba perfect reference for aspirants of IAS, IIT-JEE, AIEEE, CBSE-PMT, and students of all age groups |
||
| 260 |
_bV & S Publishers _c2013 _aNew Delhi |
||
| 270 |
_aF-2/16, Ansari Road, Daryagunj _bNew Delhi _e110002 |
||
| 300 |
_a385p. _c24cm(pbk) |
||
| 700 | _aShah, Maharaj | ||
| 942 |
_2ddc _cEN _mCON |
||
| 999 |
_c76734 _d76734 |
||